| 000 | 00461nam a2200157 i 4500 | ||
|---|---|---|---|
| 001 | 100775 | ||
| 003 | ES-MaACL | ||
| 007 | t| | ||
| 008 | 051005s1940 sp ||||1| spa d | ||
| 100 | 0 |
_aMateo, Andrés María _978938 |
|
| 245 | 1 | 0 |
_a"Yo soy el camino" _b: evangelio anual / _cAndrés María Mateo. |
| 260 |
_aMadrid : _bAfrodisio Aguado, _c1940. |
||
| 300 |
_a419 p. ; _c25 cm. |
||
| 852 |
_aES-MaACL _jB-9197 _bR.1867 |
||
| 999 |
_c100775 _d100775 |
||